| 000 | 00769nam a2200253Ia 4500 | ||
|---|---|---|---|
| 005 | 20260429112259.0 | ||
| 008 | 260429s9999||||xx |||||||||||||| ||und|| | ||
| 020 | _a9788197951695 | ||
| 041 | _aEnglish | ||
| 082 |
_a664.804 _bROY |
||
| 100 | _aRoy, Subhra Saikat | ||
| 245 | 0 |
_aValorizing citrus waste : _bunlocking nutrients, bioactives and processing solutions / _cSubhra Saikat Roy |
|
| 260 |
_aNew Delhi : _bToday & Tomorrow's Printers and Publishers, _c2025. |
||
| 300 | _a158 p.; hb | ||
| 650 | _a Bioactive compounds | ||
| 650 | _a Food processing | ||
| 650 | _a Waste utilization | ||
| 650 | _aCitrus waste | ||
| 700 | _a Admane, Darshana | ||
| 700 | _a Ghosh, Dilip | ||
| 700 | _a Gurjar, Manju | ||
| 700 | _a Paliwal, Sharanya | ||
| 942 | _cTB | ||
| 999 |
_c53287 _d53287 |
||